000 00411nam a2200145Ia 4500
008 230312s9999||||xx |||||||||||||| ||und||
082 _a332
_bKHA
100 _aAbdul Haleem Khawja
245 0 _aIntroduction to Economics & Finance
260 _bKhawja & Khawja Publishing
_aIslamabad
_c2005
300 _a392
546 _aEng.
650 _aEconomics
_vBasic Concepts , Macro Economics
942 _cBK
999 _c2609
_d2609